| 000 | 00619nam a2200241Ia 4500 | ||
|---|---|---|---|
| 003 | OSt | ||
| 005 | 20221007101259.0 | ||
| 006 | a|||||r|||| 00| 0 | ||
| 007 | ta | ||
| 008 | 221006b |||||||| |||| 00| 0 eng d | ||
| 024 | _a6,158 | ||
| 037 | _cTextual | ||
| 040 |
_aLCO _cLCO _beng |
||
| 041 |
_2eng _aeng |
||
| 082 | _aV2:51, L2 | ||
| 100 |
_aPATHAK G S _9101369 |
||
| 245 | 0 | _aSome Reflections on the Civil Revolution. | |
| 260 |
_aDelhi _bNational _c1972 |
||
| 300 | _a75 | ||
| 650 |
_aCIVIL REVOLUTION _9702790 |
||
| 942 |
_hV2:51, L2 _cTEXL |
||
| 999 |
_c1175721 _d1175721 |
||